| 000 | 00645nam a2200217Ia 4500 | ||
|---|---|---|---|
| 008 | 191130s2009##################000#0#eng## | ||
| 020 | _a9780061732430 | ||
| 022 | _a2009032815 | ||
| 040 |
_aACL _cACL |
||
| 082 | _a641.5 KAT | ||
| 100 | _aKatzen, Mollie | ||
| 245 |
_aGet cooking : 150 simple recipes to get you started in the kitchen _cMollie Katzen, with photographs by the author |
||
| 250 | _a1st ed | ||
| 260 |
_aNew York _bHarperStudio _cc2009 |
||
| 300 | _axx, 268 p. : col. ill. ; 24 cm | ||
| 500 | _aIncludes index | ||
| 650 | _aCooking | ||
| 990 | _a5d4d9410ac10000c3152eea8a53fed76 | ||
| 991 | _a302615 | ||
| 999 |
_c194002 _d194002 |
||